Теория конечных непрерывных групп и дифференциальная геометрия, изложенные методом подвижного репера: пер. с фр.

Dades bibliogràfiques
Autor principal: Картан Э. Эли
Altres autors: Фиников С. П. (редактор)
Idioma:rus
Publicat: Москва, Изд-во МГУ, 1963
Matèries:
Format: MixedMaterials Llibre
KOHA link:https://koha.lib.tpu.ru/cgi-bin/koha/opac-detail.pl?biblionumber=183220

MARC

LEADER 00000nam0a2200000 4500
001 183220
005 20231031171458.0
035 |a (RuTPU)RU\TPU\book\198603 
090 |a 183220 
100 |a 20100706d1963 km y0rusy50 ca 
101 1 |a rus  |c fre 
102 |a RU 
105 |a a z 001zy 
200 1 |a Теория конечных непрерывных групп и дифференциальная геометрия, изложенные методом подвижного репера  |e пер. с фр.  |f Э. Картан  |g под ред. С. П. Финикова 
210 |a Москва  |c Изд-во МГУ  |d 1963 
215 |a 367 с.  |c ил. 
320 |a Библиогр.: с. 363-364. 
320 |a Предметный указатель: с. 365-367. 
610 1 |a математика 
610 1 |a геометрия 
610 1 |a дифференциальная геометрия 
610 1 |a реперы 
610 1 |a непрерывные группы 
610 1 |a конечные группы 
610 1 |a теория 
610 1 |a методы 
610 1 |a евклидова геометрия 
610 1 |a константы 
675 |a 519  |v 3 
675 |a 514.7  |v 3 
700 1 |a Картан  |b Э.  |g Эли 
702 1 |a Фиников  |b С. П.  |4 340 
801 1 |a RU  |b 63413507  |c 20100706 
801 2 |a RU  |b 63413507  |c 20180518  |g RCR 
942 |c BK